[Event "PRVA LIGA CENTRALNE SRBIJE"]
[Site "Vrnjacka Banja"]
[Date "2012.10.01"]
[Round "4"]
[White "Sorgic Dragan"]
[Black "Vuckovic Branko"]
[Result "1/2-1/2"]
[WhiteElo "2257"]
[BlackElo "2258"]
[PlyCount "96"]
[EventDate "2012.??.??"]

1. e4 Nf6 2. e5 Nd5 3. d4 d6 4. Nf3 Nc6 5. c4 Nb6 6. exd6 exd6 7. Be3 Be7 8. h3
Bf5 9. Nc3 O-O 10. Be2 Re8 11. d5 Ne5 12. Nxe5 dxe5 13. O-O Nd7 14. Bd3 Bg6 15.
Bxg6 hxg6 16. Qd2 a5 17. Nb5 Nc5 18. Rad1 Ra6 19. d6 cxd6 20. Bxc5 dxc5 21. Qe2
Qc8 22. Qxe5 Bf6 23. Qg3 Be5 24. Qd3 Rae6 25. b3 R6e7 26. Qf3 Qf5 27. Qxf5 gxf5
28. Rd5 b6 29. f4 Bb8 30. Rxf5 Re2 31. Nc3 Rc2 32. Rf3 Re1+ 33. Kh2 g6 34. Rd5
Re3 35. Kg3 Rexc3 36. Rd8+ Kg7 37. Rxb8 Rxf3+ 38. Kxf3 Rxa2 39. Rxb6 a4 40. b4
Rc2 41. bxc5 Rxc4 42. c6 a3 43. Ra6 a2 44. Rxa2 Rxc6 45. Ra7 Rc2 46. g3 Rc3+
47. Kg4 Rb3 48. Kh4 Rb4 1/2-1/2

[Event "PRVA LIGA CENTRALNE SRBIJE"]
[Site "Vrnjacka Banja"]
[Date "2012.10.01"]
[Round "4"]
[White "Blesic Vaso"]
[Black "Zivkovic Ivan B."]
[Result "1/2-1/2"]
[WhiteElo "2390"]
[BlackElo "2351"]
[PlyCount "60"]
[EventDate "2012.??.??"]

1. e4 c5 2. Nc3 Nc6 3. f4 g6 4. Bb5 Nd4 5. Nf3 Bg7 6. O-O Nh6 7. d3 O-O 8. Bc4
d6 9. Nxd4 cxd4 10. Ne2 e6 11. Bb3 f5 12. c3 dxc3 13. bxc3 Qb6+ 14. Kh1 Ng4 15.
Qe1 a5 16. Rb1 Kh8 17. h3 Nf6 18. e5 dxe5 19. fxe5 Nd7 20. Ba3 Re8 21. d4 Qc6
22. Nf4 Nb6 23. Qh4 Kg8 24. Bc5 Na4 25. Bc4 Nxc5 26. Bb5 Qc7 27. Bxe8 Ne4 28.
Nxg6 hxg6 29. Bxg6 Nd2 30. Be8 Ne4 1/2-1/2

[Event "PRVA LIGA CENTRALNE SRBIJE"]
[Site "Vrnjacka Banja"]
[Date "2012.10.01"]
[Round "4"]
[White "Pajic Milomir"]
[Black "Nikolic Dragovan"]
[Result "1/2-1/2"]
[WhiteElo "2177"]
[BlackElo "2239"]
[PlyCount "90"]
[EventDate "2012.??.??"]

1. c4 c5 2. Nc3 Nf6 3. g3 g6 4. Bg2 Bg7 5. Nf3 O-O 6. O-O d5 7. cxd5 Nxd5 8.
Qb3 Nb6 9. d3 Nc6 10. Be3 Be6 11. Qb5 Nd4 12. Bxd4 cxd4 13. Nb1 Rc8 14. Na3 Qd6
15. Qa5 Rc5 16. Qd2 Rfc8 17. b3 Qc7 18. b4 Rh5 19. Rfc1 Qd7 20. Rxc8+ Qxc8 21.
Qc2 Qd7 22. Re1 Nd5 23. Rb1 Nc3 24. Rb2 Qa4 25. Qxa4 Nxa4 26. Rc2 Nc3 27. Nc4
b5 28. Na5 Bd5 29. h4 Bxf3 30. Bxf3 Re5 31. Kf1 Re6 32. a3 Rd6 33. Nc6 Rd7 34.
Nb8 Rc7 35. Na6 Rc8 36. Bb7 Rd8 37. Bf3 f5 38. Rc1 Kf7 39. Nc7 Rd7 40. Na6 e5
41. Nc5 Rd6 42. Ke1 Bf8 43. Ra1 Rd8 44. Nb3 Bd6 45. Bg2 Kf6 1/2-1/2